Stomach - Statistics

General Stats
  • This quiz has been taken 24 times
  • The average score is 4 of 15
Answer Stats
Hint Answer % Correct
How many branches of the coeliac trunk is the stomach supplied by? All 3
88%
What is the name of the sphincter that seperates the stomach from the duodenum? Pylorus
53%
What vertebrae level does the oesophagus pass throught the diaphrag to reach the stomach? T10
47%
What nerve gives parasympathetic supply to the stomach? Anterior and Posterior Vagal trunks
41%
What is the name of the first area of the stomach that food enters after being in the oesophagus? Cardia
41%
The greater omentum, which is attatched to the greater curvature of the stomach is made up of how many layers? 4
35%
What vertebral level is the sphincter typically found L1
29%
Which promotes opening of the sphincter? Parasympathetic
24%
The lesser omentum is a boundary of which foramen? Epiploic
18%
What is the name of the angle of entry of the oesophagus into the stomach? Angle of His
12%
And sympathetic? Greater splanchnic nerve via the coeliac plexus
12%
What is the name of the artery that runs along the greater curvature of the stomach? Left gastroepiploic
12%
The gastosplenic ligament, as the name suggests runs from the stomach to the spleen contains which major artery? Left gastroepiploic
12%
What is the name of the effect that the crura have on the oesophagus, exerting radial pressure. Pinchcock effect
12%
Where does the lymph of the stomach drain to? Pre-aortic coeliac nodes
12%
No matching quizzes found
Score Distribution
Percent of People with Each Score
Percentile by Number Answered
Your Score History
You have not taken this quiz